Integrated digital electronics (Record no. 33099)

MARC details
000 -LEADER
fixed length control field 00320nam a2200121Ia 4500
082 ## - DEWEY DECIMAL CLASSIFICATION NUMBER
Classification number 621.38
Item number TRI
100 ## - MAIN ENTRY--AUTHOR NAME
Personal name Triebel, Walter A
245 #0 - TITLE STATEMENT
Title Integrated digital electronics
260 ## - PUBLICATION, DISTRIBUTION, ETC. (IMPRINT)
Place of publication New Jersey
Name of publisher Prentice Hall
Year of publication 1979
650 ## - SUBJECT ADDED ENTRY--TOPICAL TERM
Topical Term Digital electronics
942 ## - ADDED ENTRY ELEMENTS (KOHA)
Koha item type Books
Holdings
Withdrawn status Lost status Damaged status Not for loan Home library Current library Date acquired Cost, normal purchase price Full call number Accession Number Koha item type
        RRII Library RRII Library 16/12/2021 18.95 621.38 TRI 13600 Books